[Event "Foment Martinenc op-A 23rd"]
[Site "Barcelona"]
[Date "2023.05.06"]
[Round "3"]
[White "Palmer Pifarre, Joaquin"]
[Black "Torrent San Nicolas, Biel"]
[Result "1-0"]
[WhiteElo "1567"]
[BlackElo "1915"]
[PlyCount "145"]
[EventDate "2023.04.22"]
[EventType "swiss"]
[EventRounds "9"]
[EventCountry "ESP"]
[SourceTitle "EXT 2024"]
[Source "ChessBase"]
[SourceDate "2023.10.10"]
[SourceVersion "1"]
[SourceVersionDate "2023.10.10"]
[SourceQuality "1"]

1. e4 c5 2. Nf3 d6 3. Bc4 Nf6 4. Nc3 e6 5. d3 a6 6. a4 Nc6 7. Bg5 Be7 8. 0-0 h6 9. Bf4 d5 10. exd5 exd5 11. Bb3 Bg4 12. h3 Be6 13. Ne2 g5 14. Bg3 Rg8 15. Ne5 Nxe5 16. Bxe5 Qd7 17. a5 Kd8 18. Ba4 Qc8 19. Ng3 Nd7 20. Bxd7 Qxd7 21. Nh5 Rg6 22. g4 f6 23. Bh2 f5 24. f3 f4 25. d4 c4 26. Qe2 Bd6 27. Rfe1 Bf7 28. Qd2 Kc7 29. Re2 Re8 30. Rae1 Rxe2 31. Rxe2 Qb5 32. Qe1 Kd7 33. c3 Qxa5 34. Qb1 Qc7 35. Qf5+ Kc6 36. Nf6 Rg7 37. Ne8 Bg6 38. Nxc7 Bxf5 39. Ne8 Bd3 40. Re6 Rg6 41. Nf6 b5 42. h4 Rg7 43. Ne8 Rg6 44. Nf6 Kc7 45. Nxd5+ Kd7 46. Rxg6 Bxg6 47. hxg5 hxg5 48. Nf6+ Ke6 49. Ne4 Be7 50. Nc5+ Bxc5 51. dxc5 Kd5 52. Kf1 Kxc5 53. Bg1+ Kc6 54. Bd4 a5 55. Bf6 b4 56. cxb4 axb4 57. Ke1 Kd5 58. Kd2 Bd3 59. Bxg5 Ke5 60. Be7 b3 61. Bd8 Bf1 62. Bc7+ Kf6 63. Bxf4 Kg6 64. Be5 Bd3 65. Ke3 Bc2 66. f4 Kf7 67. f5 Bd1 68. Kf4 Be2 69. g5 Bd1 70. g6+ Kf8 71. f6 Bc2 72. Kg5 Be4 73. Bd6+ 1-0